My tears ricochet lyrics Taylor Swift - Statistics

General Stats
  • This quiz has been taken 223 times
  • The average score is 249 of 311
Answer Stats
Answer % Correct
a
99%
i
99%
I
99%
my
98%
in
96%
to
96%
you
96%
and
95%
hear
95%
the
95%
i'm
94%
I'm
94%
did
93%
if
93%
we
92%
me
90%
on
90%
why
90%
go
89%
it
87%
tears
87%
at
86%
ricochet
86%
when
86%
as
85%
be
85%
how
84%
gave
83%
have
83%
worst
83%
day
82%
didn't
82%
just
82%
look
82%
stayed
82%
want
82%
with
82%
your
82%
cursing
81%
grace
81%
name
81%
wishing
81%
but
80%
can
80%
too
80%
anywhere
79%
deserve
79%
even
79%
fire
79%
made
79%
myself
79%
not
79%
of
79%
you'll
79%
are
78%
here
78%
home
77%
ashes
76%
room
76%
so
76%
wake
76%
dead
75%
gather
75%
hell
74%
love
73%
same
73%
up
73%
talk
72%
line
71%
still
71%
'cause
70%
what
70%
know
69%
sunlit
68%
blood
67%
miss
67%
was
67%
for
66%
you're
66%
loved
65%
never
65%
night
65%
they
65%
wear
65%
brave
64%
sleep
64%
stones
64%
tell
64%
will
64%
bones
63%
dying
63%
screaming
63%
some
63%
haunt
62%
jewels
62%
swear
62%
diamond
61%
hero
61%
sky
61%
can't
60%
fight
60%
heart
60%
make
60%
ring
60%
flying
59%
I'd
59%
knowing
59%
mean
59%
stolen
59%
ghostly
58%
saving
58%
throw
58%
used
58%
weeping
58%
face
57%
kill
57%
scene
57%
bury
55%
killed
53%
lullabies
51%
sink
50%
till
50%
aim
49%
this
49%
beneath
48%
fears
48%
waves
48%
battleships
47%
had
46%
drunk
45%
out
39%
round
38%
blame
37%
good
37%
pain
36%
tossing
36%
years
36%
crossing
24%
grave
9%
baba
4%
became
4%
wuld
2%
No matching quizzes found
Score Distribution
Percent of People with Each Score
Percentile by Number Answered
Your Score History
You have not taken this quiz